01621cam a22003855a 45000010009000000050017000090070009000260080041000350200018000760200015000940400043001090410013001520820025001651000038001902400084002282450123003122460049004352500035004842600059005193000048005784900021006265000024006475000084006715040041007555460056007966500040008526500030008926500043009226510010009656530033009757000040010089420008010489990017010569520162010731340201220160110110116.0ad aazb|030606t2003 gw a frb 001 0 eng d a9783135624044 a3135624044 aDLCbengcDLCdDLCdEG-ScBUEdEG-ScBUE1 aenghger04a611.0180222bKUE2221 aKühnel, Wolfgang,d1934-93896810aTaschenatlas der Zytologie, Histologie, und mikroskopischen Anatomie. lEnglish10aColor atlas of cytology, histology, and microscopic anatomy /cWolfgang Kühnel ; [translated by Ursula Peter-Czichi]30aCytology, histology, and microscopic anatomy a4th ed., rev. and enlarged ed. aStuttgart ;aNew York :bGeorg Thieme Verlag,cc.2003. aix, 534 p. :bill. (chiefly col.) ;c19 cm.0 aThieme flexibook aIndex : p. 519-534. aThis book authorized translation of the 11th German ed. ... 2002"--T. p. verso. aIncludes bibliographical references. aText in English ; translated from original German.  0aHistology vAtlases.2BUEsh930952 0aCytologyvAtlases.2BUEsh 0aCellsxultrastructurevAtlases.2BUEsh 2BUEsh bPPhrmcJuly2015cJanuary20161 aPeter-Czichi, Ursula, etranslator. 2ddc c20142d20114 00102ddc40708BaccahaMAINbMAINc1STd2015-07-02ePurchaseg286.00h22353l1m29o611.0180222 KUEp000039332r2025-09-11 00:00:00s2024-10-23v358.00yBB